[Event "17th Delhi GM Open 2019"]
[Site "Delhi"]
[Date "2019.01.10"]
[Round "3"]
[White "Wagh Suyog"]
[Black "Khusenkhojaev, Muhammad"]
[Result "0-1"]
[WhiteElo "2263"]
[BlackElo "2455"]
[Annotator "TA"]
[PlyCount "91"]
[EventDate "2019.01.09"]
[EventType "swiss"]
[EventCountry "IND"]
[SourceTitle "playchess.com"]
[Source "ChessBase"]
[SourceQuality "1"]

{[%evp 13,91,21,18,16,2,0,0,0,4,-11,6,7,7,10,2,-9,0,-6,0,-29,0,0,0,0,0,-7,-10,-36,-39,-46,-18,-36,-28,-27,-28,-41,-11,-45,-54,-50,-53,-33,-39,-58,-63,-70,-62,-54,-61,-52,0,-20,-20,-12,-14,-23,-16,-16,-18,-41,-16,-21,-10,-85,-85,-85,-85,-81,-69,-143,-139,-140,-144,-339,-295,-284,-231,-542,-542,-471]} 1. Nf3 Nf6 2. c4 g6 3. b4 Bg7 4. Bb2 O-O 5. e3 c6 6. Be2 d5 7. O-O Bg4 {LiveBook: 4 Games} 8. cxd5 {A15: English Opening: 1...Nf6} (8. Na3 Nbd7 9. h3 Bxf3 10. Bxf3 Qb8 11. Rb1 a6 12. Qb3 e6 13. Rfd1 Rc8 14. Be2 Qd6 15. Nc2 Ne5 {1-0 (51) Morovic Fernandez,I (2560)-Leyva Rivera,Y (2408) Havana 2013}) 8... cxd5 9. h3 Bxf3 10. Bxf3 {The position is equal.} Qb6 $146 ({Predecessor:} 10... Qd6 11. Qb3 Nc6 12. a3 Ne5 13. Be2 Rfe8 14. d3 Nc6 15. Nd2 e5 16. Rac1 Ne7 17. Rfd1 {½-½ (17) Wessel,V-Bardo,K Schwabstedt 1994}) 11. a3 a5 12. Nc3 {[%cal Bb1c3,Bc3a4,Ba4c5][%mdl 32]} e6 13. Na4 Qd6 14. Nc5 b6 15. Nd3 Nbd7 {[%cal Bb8d7,Bd7c5,Bc5e4][%mdl 32]} 16. bxa5 (16. Rc1 {is more complex.} Ne4 17. Bxg7 Kxg7 18. Qc2 Rfc8 19. Qb2+) 16... Rxa5 17. Qc2 Ne4 18. Bxg7 Kxg7 19. Bxe4 dxe4 20. Nb4 Nc5 $36 {[%mdl 2048] Black fights for an advantage.} 21. f3 f5 22. fxe4 Nxe4 23. d3 Nf6 24. Qb2 Rc8 25. Rac1 (25. e4 $5) 25... Rac5 26. d4 Rxc1 27. Rxc1 Rxc1+ 28. Qxc1 Qg3 29. Qd2 g5 30. Qf2 Qc7 31. Qc2 Qg3 32. Qf2 Qd6 33. Qf3 Ne4 34. d5 Kg6 35. dxe6 $1 Qxe6 36. Nc2 Qe5 37. Nd4 h5 {[%cal Bh7h5,Bh5h4][%mdl 32]} 38. g4 {[#]} (38. h4 $11 {keeps the balance.}) 38... fxg4 $1 $17 39. hxg4 h4 40. Kg2 Nf6 41. Kh3 ({White should play} 41. Nf5 $15) 41... Qe4 42. Qf5+ Kf7 {[%cal Re4h1] [#]} 43. Qxe4 $2 (43. Nf3 $17 Qxf5 44. gxf5 g4+ 45. Kxh4 gxf3 46. Kg3) 43... Nxe4 $19 44. Kg2 Nd6 45. Kf3 $2 (45. Nf3 Kf6 46. Kf2) 45... Nc4 46. a4 {Accuracy: White = 44%, Black = 66%.} 0-1

[Event "17th Delhi GM Open 2019"]
[Site "Delhi"]
[Date "2019.01.10"]
[Round "3"]
[White "Aditya Mittal"]
[Black "Nguyen, Van Huy"]
[Result "1-0"]
[WhiteElo "2251"]
[BlackElo "2450"]
[Annotator "TA"]
[PlyCount "103"]
[EventDate "2019.01.09"]
[EventType "swiss"]
[EventCountry "IND"]
[SourceTitle "playchess.com"]
[Source "ChessBase"]
[SourceQuality "1"]

{[%evp 30,103,78,80,92,91,81,63,133,136,126,122,137,126,156,168,175,171,172,177,188,192,189,195,206,195,193,190,335,306,266,246,389,403,365,162,160,156,225,197,181,57,47,44,151,146,223,162,235,221,270,229,240,215,618,611,631,631,617,608,631,627,604,612,612,417,604,543,543,437,939,804,5081,4689,29997,-4614]} 1. d4 Nf6 2. c4 e6 3. Nc3 Bb4 4. e3 O-O 5. Bd3 d5 6. Nf3 dxc4 7. Bxc4 c5 8. O-O cxd4 9. exd4 Nbd7 10. Bg5 h6 11. Bh4 Qa5 {E54: Nimzo-Indian: Rubinstein: Main Line: 7...dxc4 8 Bxc4} 12. Rc1 Bxc3 13. Rxc3 b5 14. Bb3 b4 15. Re3 Bb7 (15... Nd5 16. Re4 Bb7 17. Rfe1 N5f6 18. Rf4 Nh5 19. Rg4 {½-½ (46) Kamsky,G (2729)-Papaioannou,I (2597) Dresden 2008}) 16. Ne5 {LiveBook: 3 Games} Rac8 17. Nxd7 $146 ({Predecessor:} 17. f4 Bd5 18. f5 Bxb3 19. axb3 {1-0 (30) Jakab,A (2406)-Breder,D (2441) Budapest 2002}) 17... Nxd7 18. Rg3 {Threatens to win with Qg4.} Bd5 (18... g5 $2 19. Bxg5 hxg5 20. Qh5 $18) ({Better is} 18... Qf5 $1 $14) 19. Ba4 $16 ({But not} 19. Bxd5 $6 Qxd5 20. Qg4 g6 $14) 19... Bc6 20. Bxc6 Rxc6 {[#]} 21. d5 $1 $40 {[%cal Rd5c6][%mdl 640] White attacks with force.} exd5 (21... Qxd5 22. Rd3) 22. Qg4 {[%csl Gg3][%cal Rg4g7][%mdl 64] Double Attack} g5 {Hoping for ...Nf6.} 23. Qxd7 Rg6 24. Qf5 {And now Rg4 would win.} Qb6 25. Bxg5 $1 ({Don't do} 25. Qxd5 $6 gxh4 26. Rxg6+ Qxg6 $14) 25... hxg5 26. Rxg5 Rd8 27. Rd1 d4 28. h4 {[%cal Bh2h4,Bh4h5][%mdl 32]} Rdd6 (28... Qd6 $142 29. h5 Rxg5 30. Qxg5+ Kh8) 29. h5 $18 Rxg5 30. Qxg5+ {[%mdl 4096] Endgame KQR-KQR} Kf8 (30... Kh7 $142 31. Rd3 Qd8 32. Qf5+ Kg8 33. Rg3+ Kf8) 31. Rc1 {White threatens Rc8+ and mate.} Qd8 {[#]} 32. Qe5 (32. Qg4 $142 $1 Qa5 33. Rc8+ Ke7 34. Qh4+ Kd7 35. Ra8) 32... Kg8 33. Qf5 {Rc8 is the strong threat.} Kg7 (33... Re6 $16 34. Qg4+ Kh7) 34. Rc8 Qf6 {[#]} 35. Qxf6+ (35. Qg4+ $1 $18 Kh6 36. Rc5) 35... Kxf6 {KR-KR} 36. Kf1 Kg7 ({Black should play} 36... Kg5 $14) 37. Ke2 $16 Ra6 (37... Rd5 $16 38. g4 Rg5) 38. Rb8 Rxa2 (38... Ra4 {was called for.}) 39. Rxb4 $18 a5 40. Rb5 ({Less strong is} 40. Rxd4 Rxb2+ 41. Ke3 Rb3+ 42. Rd3 Rb5 $16) 40... a4 41. Kf3 a3 $2 (41... f5 42. Rxf5 Rxb2) 42. bxa3 Rxa3+ 43. Ke4 d3 44. Rd5 Ra2 45. Ke3 Re2+ 46. Kf3 Rd2 47. g4 f6 (47... Rd1 $142 48. Kf4 Kh7) 48. Rd7+ Kg8 49. Kg3 Rd1 (49... Kf8 $142 50. f3 Rd1) 50. Kf4 d2 51. Kf5 Kh8 52. Ke4 $4 {[%mdl 40960] Accuracy: White = 71%, Black = 30%. . Sensor Board Error (Ke4/e5)?} (52. Kg6 {was the only winning move.} Re1 53. Rd8+ Re8 54. Rxe8#) 1-0

[Event "17th Delhi GM Open 2019"]
[Site "Delhi"]
[Date "2019.01.10"]
[Round "3"]
[White "Jay Kundaliya"]
[Black "Lugovskoy, Maxim"]
[Result "1/2-1/2"]
[WhiteElo "2054"]
[BlackElo "2445"]
[Annotator "TA"]
[PlyCount "86"]
[EventDate "2019.01.09"]
[EventType "swiss"]
[EventCountry "IND"]
[SourceTitle "playchess.com"]
[Source "ChessBase"]
[SourceQuality "1"]

{[%evp 22,86,64,0,35,27,34,-10,0,0,0,0,0,0,52,-34,-36,-38,-33,-41,0,0,0,0,0,0,6,14,117,123,126,133,187,189,318,316,501,486,562,0,0,0,0,-15,-15,-15,-15,-15,126,0,0,0,0,0,0,0,0,0,0,0,0,0,0,0,0,0,0]} 1. e4 e6 2. Nc3 d5 3. d4 Bb4 4. e5 c5 5. a3 Bxc3+ 6. bxc3 Ne7 7. Qg4 Qc7 8. Bd3 cxd4 9. Ne2 dxc3 10. Qxg7 Rg8 11. Qxh7 Nbc6 {C18: French: 3 Nc3 Bb4: Main line: 7 h4 and 7 Qg4} (11... Qxe5 12. Bf4 Qf6 13. h4 Rxg2 14. Kf1 Rg8 15. Rg1 Rh8 16. Bg5 Rxh7 17. Bxf6 Rh6 18. Bg5 Rh8 19. Bf6 Rh6 20. Bg5 Rh8 21. Bf6 {½-½ (21) Leko,P (2728)-Shirov,A (2713) Saratov 2011}) 12. f4 {LiveBook: 4 Games} ({Better is} 12. Bf4 $14) 12... Qb6 13. Qh3 Bd7 {White has an edge.} 14. Qf3 $146 ({Predecessor:} 14. Be3 d4 15. Bf2 Nd5 16. O-O O-O-O 17. Qf3 Qc5 18. Rfb1 f6 19. exf6 {1-0 (32) Silva,F (2381)-Hallberg,K (2331) ICCF email 2008}) 14... d4 15. Ng3 O-O-O 16. h4 Nf5 17. Ne4 $1 Ne3 (17... Nh6 $11) 18. Nd6+ (18. h5 $1 $14) 18... Kb8 $15 19. Bxe3 dxe3 20. Nc4 Qc7 21. Nxe3 Nd4 22. Qf2 $1 Bc6 23. Rd1 Qe7 24. h5 f5 (24... Qxa3 $11 25. h6 b5) 25. exf6 $1 $16 Qxf6 26. h6 e5 (26... Qh8 $16 27. h7 Rg7) 27. h7 $18 Rgf8 {[#]} (27... Rge8 {is a better defense.}) 28. Ng4 $1 {[%cal Rg4f6]} Qg7 (28... Qxf4 {was necessary.} 29. Qxf4 exf4) 29. Nxe5 Rfe8 30. h8=Q $2 (30. Bg6 $18 Rxe5+ 31. fxe5 Qxe5+ 32. Kf1 Bb5+ 33. Bd3 Nxc2 34. h8=Q (34. Qxc2 Rf8+ 35. Qf2 Rxf2+ 36. Kxf2 Qd4+ 37. Kg3 Qe5+ 38. Kf3 Bc6+ 39. Kf2 Qd4+ 40. Ke2 Qe5+ 41. Kf1 Qf6+ 42. Kg1 Qd4+ 43. Kf1 Qf6+ 44. Kg1 Qd4+ 45. Kf1 Qf6+ $11) 34... Rxh8 35. Rxh8+ Qxh8 36. Qxc2) 30... Rxh8 $11 31. Rxh8 Qxh8 32. Bf1 Nxc2+ $1 33. Qxc2 Qh4+ {[%mdl 64] Double Attack} 34. Ke2 Bb5+ {[#]} (34... Re8 $11 {remains equal.} 35. Qf5 Qg3) 35. Ke3 (35. Kf3 $1 $16 Qh5+ 36. g4 Qh1+ 37. Kf2 Qh2+ 38. Bg2 Rxd1 39. Qxd1 Qxf4+ 40. Nf3) 35... Qg3+ {The position is equal.} 36. Ke4 Rf8 $1 {[%cal Rf8f4]} 37. Bxb5 {aiming for Nd7+.} Rxf4+ 38. Kd5 Qg8+ 39. Kd6 Qf8+ $1 40. Ke6 {White wants to mate with Nd7+.} Qg8+ $1 41. Kd6 Qf8+ $1 42. Ke6 {Intending Nd7+ and mate.} Qg8+ $1 43. Kd6 Qf8+ $1 {Accuracy: White = 62%, Black = 29%.} 1/2-1/2

[Event "17th Delhi GM Open 2019"]
[Site "Delhi"]
[Date "2019.01.10"]
[Round "3"]
[White "Pimpalkhare Vedant"]
[Black "Czebe, Attila"]
[Result "0-1"]
[WhiteElo "1986"]
[BlackElo "2418"]
[Annotator "ChessBase"]
[PlyCount "58"]
[EventDate "2019.01.09"]
[EventType "swiss"]
[EventCountry "IND"]
[SourceTitle "playchess.com"]
[Source "ChessBase"]
[SourceQuality "1"]
[TimeControl "5400+30"]

1. Nf3 {[%emt 0:00:00]} g6 {[%emt 0:01:08]} 2. g3 {[%emt 0:01:03]} Bg7 {[%emt 0:00:05]} 3. Bg2 {[%emt 0:00:09]} e5 {[%emt 0:00:48]} 4. d3 {[%emt 0:01:17]} d5 {[%emt 0:00:07]} 5. O-O {[%emt 0:01:37]} Ne7 {[%emt 0:00:06]} 6. Nbd2 {[%emt 0:01:45]} O-O {[%emt 0:00:33]} 7. c4 {[%emt 0:02:05]} c6 {[%emt 0:01:12]} 8. Rb1 {[%emt 0:00:53]} a5 {[%emt 0:05:22]} 9. b3 {[%emt 0:01:06]} Na6 {[%emt 0:00:26]} 10. a3 {[%emt 0:05:53]} h6 {[%emt 0:04:48]} 11. b4 {[%emt 0:04:08]} axb4 {[%emt 0:00:14]} 12. axb4 {[%emt 0:00:02]} Be6 {[%emt 0:00:21]} 13. Qc2 {[%emt 0:09:40]} b5 {[%emt 0:01:21]} 14. Rd1 {[%emt 0:09:03]} bxc4 {[%emt 0:05:23]} 15. dxc4 {[%emt 0:01:16]} Bf5 {[%emt 0:01:35]} 16. e4 {[%emt 0:10:19]} dxe4 {[%emt 0:00:24]} 17. Nh4 {[%emt 0:00:03]} e3 {[%emt 0:09:42]} 18. Nxf5 {[%emt 0:00:33]} Nxf5 {[%emt 0:01:11]} 19. Nf3 {[%emt 0:03:57]} exf2+ {[%emt 0:00:15]} 20. Kxf2 {[%emt 0:00:43]} Qe7 {[%emt 0:00:17]} 21. c5 {[%emt 0:06:39]} e4 {[%emt 0:11:41]} 22. Re1 {[%emt 0:05:54]} Rfe8 {[%emt 0:00:43]} 23. Bh3 {[%emt 0:06:08]} Qe6 {[%emt 0:06:14]} 24. Kg1 {[%emt 0:02:24]} Nc7 {[%emt 0:22:45]} 25. Re2 {[%emt 0:07:50]} Qd5 {[%emt 0:03:20]} 26. Rd2 {[%emt 0:02:23]} Nd4 {[%emt 0:01:43]} 27. Nxd4 {[%emt 0:00:35]} Bxd4+ {[%emt 0:00:12]} 28. Rxd4 {[%emt 0:01:01]} Qxd4+ {[%emt 0:00:07]} 29. Kh1 {[%emt 0:00:06]} Qd3 {[%emt 0:03:51]} 0-1

[Event "17th Delhi GM Open 2019"]
[Site "Delhi"]
[Date "2019.01.12"]
[Round "5"]
[White "Predke, Alexandr"]
[Black "Mosadeghpour, Masoud"]
[Result "0-1"]
[WhiteElo "2620"]
[BlackElo "2517"]
[Annotator "TA"]
[PlyCount "66"]
[EventDate "2019.01.09"]
[EventType "swiss"]
[EventCountry "IND"]
[SourceTitle "playchess.com"]
[Source "ChessBase"]
[SourceQuality "1"]

{[%evp 9,66,-10,-3,-6,-2,-25,-25,-27,-19,-27,-12,-8,-2,-18,7,0,-3,-12,17,10,35,10,17,16,31,28,29,34,39,-4,11,-9,53,22,11,0,0,0,0,0,14,17,30,29,28,-22,-28,-387,-381,-375,-291,-281,-286,-709,-720,-773,-735,-708,-694]} 1. d4 Nf6 2. c4 g6 3. Nc3 d5 4. e3 Bg7 5. Qb3 e6 {LiveBook: 223 Games} (5... c6 6. cxd5 cxd5 7. Nf3 O-O 8. Be2 b6 9. Bd2 Nc6 10. O-O Bb7 11. Rfc1 e6 12. Na4 Ne4 13. Be1 {0-1 (30) Iturrizaga Bonelli,E (2662)-Ponomariov,R (2692) Linares 2017}) 6. cxd5 {D80: Grünfeld: Unusual White 4th moves and 4 Bg5} exd5 7. g3 $146 ({Predecessor:} 7. Bd3 O-O 8. Bd2 b6 9. Nf3 c5 10. Be2 Nc6 11. dxc5 bxc5 {0-1 (55) Johansen,P (2124)-Haug,J (1943) Oslo 2012}) 7... O-O 8. Bg2 {[%cal Rc3d5] Black has an edge.} c6 9. Nge2 b6 10. O-O Nbd7 11. f3 Ba6 12. Qa4 Qc8 13. Re1 Rb8 14. Bd2 b5 15. Qc2 c5 16. Rac1 b4 {[#] ...cxd4 is the strong threat.} 17. Na4 {[%cal Ra4c5]} Bxe2 18. Rxe2 {[%cal Ra4c5]} Qa6 19. Ree1 c4 20. e4 Rfc8 ({Black should try} 20... dxe4 $1 $11 21. fxe4 Qd6 22. Qxc4 Ng4) 21. b3 dxe4 22. bxc4 Nd5 $36 {[%mdl 2048] Black is pushing.} 23. Rxe4 f5 24. Rh4 Bf6 25. Qb3 {aiming for Bf1.} Nc3 {And now ...Ne2+ would win.} 26. c5+ Kh8 {White must now prevent ...Qd3.} 27. Nxc3 bxc3 28. Qf7 $2 {[%mdl 8192]} (28. Qxc3 $11 Rxc5 29. dxc5 Bxc3 30. Bxc3+ Kg8 31. Rd4) 28... Bxh4 $19 29. Bxc3 Bf6 ({Not} 29... Bg5 30. Qxd7 Rd8 31. d5+ Bf6 32. Qc6 $16) 30. Qxd7 {Bf1 would now be nice for White.} Qd3 {( -> ...Qe3+)} 31. Kh1 $2 {[#]} (31. Qe6 Bxd4+ 32. Bxd4+ Qxd4+ 33. Kh1) 31... Qe3 $1 {[%cal Re3c1] Black is clearly winning.} 32. Bb2 Rd8 33. Qf7 Rf8 {Accuracy: White = 21%, Black = 54%.} 0-1

[Event "17th Delhi GM Open 2019"]
[Site "Delhi"]
[Date "2019.01.12"]
[Round "5"]
[White "Vaibhav, Suri"]
[Black "Siva Mahadevan"]
[Result "0-1"]
[WhiteElo "2590"]
[BlackElo "2333"]
[Annotator "TA"]
[PlyCount "72"]
[EventDate "2019.01.09"]
[EventType "swiss"]
[EventCountry "IND"]
[SourceTitle "playchess.com"]
[Source "ChessBase"]
[SourceQuality "1"]

{[%evp 13,72,39,48,25,36,14,27,-1,1,0,21,15,74,69,72,56,102,112,127,102,106,110,112,119,112,114,183,173,191,209,190,207,202,197,202,202,200,0,0,-8,0,-8,-6,-10,0,0,0,-316,-316,-364,-344,-1143,-1779,-1431,-1444,-1272,-1303,-1111,-1109,-889,-848]} 1. e4 e5 2. Nf3 Nc6 3. Bc4 Nf6 4. d3 h6 5. c3 d6 6. Nbd2 g5 {C55: Two Knights: 4 d3, 4 d4 exd4 5 e5 and Max Lange Attack} 7. h3 Bg7 {LiveBook: 4 Games} 8. Bb3 d5 $146 {White has an edge.} ({Predecessor:} 8... O-O 9. Nf1 Ne7 10. Ne3 Be6 11. h4 g4 12. Nh2 h5 13. f3 d5 14. fxg4 hxg4 15. Nhxg4 Nxg4 16. Nxg4 {½-½ (42) Dominguez Perez,L (2739)-Mamedyarov,S (2801) Saint Louis 2018}) 9. Qe2 Be6 10. Ba4 {Hoping for Nxe5.} Nd7 11. Nf1 O-O 12. Ng3 f5 (12... Ne7 $11 {keeps the balance.}) 13. exf5 Bxf5 14. h4 g4 15. Nh2 $1 {[%cal Bf3h2,Bh2f1,Bf1e3][%mdl 32]} h5 16. Nxf5 Rxf5 {[#]} 17. Nf1 $1 Qe8 18. Ne3 $36 {[%mdl 2048] Black is under strong pressure.} Rf7 19. Bb3 d4 (19... Nd8 $16) 20. Nf5 $1 $18 Nc5 21. Nxg7 Kxg7 22. Bxf7 Qxf7 23. O-O Qf5 24. f4 e4 25. cxd4 $2 (25. dxe4 $18 Nxe4 26. Re1) 25... Nxd3 $11 26. Be3 Rd8 27. Rac1 Nxc1 28. Rxc1 Nxd4 29. Rxc7+ Kg6 30. Qf2 $2 {[%mdl 8192] [#]} (30. Bxd4 $11 Rxd4 31. Rxb7) 30... Qa5 $1 $19 31. Rc3 ({Inferior is} 31. Rxb7 Qa6 $17) 31... Nf5 32. Bxa7 $2 (32. g3 Qxa2 33. Kh2) 32... Rd1+ {Black is clearly winning.} 33. Kh2 Qxc3 {[%mdl 64] Remove Defender} 34. bxc3 g3+ 35. Qxg3+ Nxg3 36. Kxg3 Rd3+ {Accuracy: White = 59%, Black = 48%.} 0-1

[Event "17th Delhi GM Open 2019"]
[Site "Delhi"]
[Date "2019.01.12"]
[Round "5"]
[White "Popov, Ivan"]
[Black "Khusenkhojaev, Muhammad"]
[Result "1-0"]
[WhiteElo "2588"]
[BlackElo "2455"]
[Annotator "TA"]
[PlyCount "133"]
[EventDate "2019.01.09"]
[EventType "swiss"]
[EventCountry "IND"]
[SourceTitle "playchess.com"]
[Source "ChessBase"]
[SourceQuality "1"]

{[%evp 18,133,0,-4,8,0,7,0,24,0,9,12,31,27,32,6,6,4,5,8,8,0,6,9,9,9,444,0,4,0,4,3,4,0,20,10,10,10,16,2,2,2,2,9,85,85,102,94,94,94,100,97,94,87,96,77,77,79,79,69,66,75,112,102,108,106,108,108,94,85,75,80,152,145,147,159,152,154,162,141,213,216,245,173,310,349,417,368,759,240,1496,1463,29970,29971,29971,29972,29972,29973,29972,29972,29970,29971,29963,11983,29973,2595,2217,2165,1485,1418,29980,29980,29981,29982,29982,29983,29983,29984]} 1. e4 e5 2. Nf3 Nf6 3. Nxe5 d6 4. Nf3 Nxe4 5. Qe2 Qe7 6. d3 Nf6 7. Bg5 Qxe2+ 8. Bxe2 Be7 9. Nc3 h6 10. Bd2 {LiveBook: 17 Games. C42: Petroff Defence: 3 Nxe5 and unusual White 3rd moves} Bd7 (10... c6 11. O-O-O O-O 12. Rde1 d5 13. h3 Re8 14. Bd1 Na6 15. g4 Nc7 16. Ne2 Bd6 17. Ng3 Bd7 {½-½ (51) Demchenko,A (2660)-Ni,H (2671) Riadh 2017}) 11. O-O-O Nc6 12. d4 $146 {The position is equal.} ({Predecessor:} 12. Rde1 O-O-O 13. Bd1 Rde8 14. h3 Bd8 15. a3 Rxe1 16. Rxe1 a6 17. Ne2 Re8 18. Ng3 Rxe1 19. Nxe1 Ne7 20. Nh5 Nxh5 21. Bxh5 {½-½ (21) Saltaev,M (2477)-Cyborowski,L (2524) Germany 2017}) 12... O-O-O 13. h3 d5 14. Ne5 Nxe5 15. dxe5 Ne4 16. Nxe4 dxe4 17. Be3 Bg5 18. Bxg5 hxg5 19. Bc4 Rde8 20. Bxf7 Rxe5 21. Rd5 Ree8 $2 {[%mdl 8192]} (21... Re7 $1 $11 {and Black is okay.} 22. Bg6 g4) 22. Rdd1 $2 ({Only move:} 22. Bxe8 $18 Bxe8 23. Rxg5) 22... Re5 23. Rd5 Re7 24. Bg6 g4 {[%cal Rg4h3]} 25. Rhd1 Rf8 26. Bh5 $36 {[%mdl 2048] Threatens to win with Rxd7! White is more active.} Be6 $1 {[%cal Re6d5]} 27. Re5 {And now Rxe6! would win.} gxh3 28. Rxe6 Rxe6 $11 {[%mdl 4096] Endgame KRR-KRB} 29. Bg4 Rff6 30. Bxh3 b6 (30... Rh6 $1 $11 {remains equal.}) 31. Rd4 $16 Kb7 {...Re8 is the strong threat.} 32. Bxe6 Rxe6 {[#] KR-KR} 33. Kd2 $1 e3+ 34. fxe3 Rg6 35. g4 Rh6 36. Rd5 Kc6 37. Rg5 g6 38. Kd3 Kd6 39. Ke4 c6 40. b4 Ke6 41. Re5+ Kf7 42. Kd3 Rh1 43. Re4 Rd1+ 44. Kc3 Re1 {[#]} ({Better is} 44... Kf6) 45. g5 $1 Rg1 46. Rc4 Rxg5 47. Rxc6 Re5 48. Rc7+ Ke6 (48... Kf6 $16) 49. Rxa7 $18 Rxe3+ 50. Kc4 Kf6 (50... g5 $142 51. Rb7 Re4+ 52. Kc3 g4) 51. Ra6 Re6 52. a4 {[%cal Ba2a4,Ba4a5][%mdl 32]} g5 $2 (52... Kf5 53. b5 g5) 53. a5 ({And not} 53. Kb5 g4 $11) 53... b5+ $2 (53... bxa5 54. Rxe6+ Kxe6 55. bxa5 Kd6) 54. Kxb5 Rxa6 55. Kxa6 {KP-KP} g4 56. b5 g3 57. b6 g2 58. b7 g1=Q 59. b8=Q {KQ-KQ} Kf5 60. c4 (60. Qc8+ $142 Ke5 61. Qc6 Kf4 62. c4 Qg7 63. c5 Qg1 64. Qc7+ Ke4 65. Qb7+ Kf4 66. c6) 60... Ke4 61. Qd6 (61. Qb7+ $142 Kf4 62. Qc7+ Kf3 63. c5 Qf1+ 64. Ka7 Qc1 65. c6 Qc5+ 66. Qb6 Qe7+ 67. c7) 61... Qf1 62. Qd5+ Ke3 63. Ka7 Qf8 64. c5 {White mates.} Qg7+ 65. Ka6 Qc7 66. Qd6 Qc8+ 67. Kb6 {Precision: White = 70%, Black = 34%.} 1-0

[Event "17th Delhi GM Open 2019"]
[Site "Delhi"]
[Date "2019.01.12"]
[Round "5"]
[White "Aleksandrov, Aleksej"]
[Black "Lugovskoy, Maxim"]
[Result "1-0"]
[WhiteElo "2582"]
[BlackElo "2445"]
[Annotator "TA"]
[PlyCount "78"]
[EventDate "2019.01.09"]
[EventType "swiss"]
[EventCountry "IND"]
[SourceTitle "playchess.com"]
[Source "ChessBase"]
[SourceQuality "1"]

{[%evp 13,78,27,31,7,43,30,20,13,59,52,54,58,70,30,46,35,44,33,106,100,104,98,106,103,109,98,106,108,106,115,104,103,98,98,136,123,124,112,126,115,164,172,151,154,327,324,406,399,621,618,616,602,614,613,605,602,784,601,1517,1406,5397,3147,2994,2340,29978,29977,6004]} 1. d4 d5 2. c4 e6 3. Nc3 a6 4. cxd5 exd5 5. Bf4 c6 $146 (5... Nf6 6. e3 Bd6 7. Bg5 Be6 8. Bd3 Nbd7 9. f4 h6 10. Bh4 g5 11. fxg5 hxg5 12. Bxg5 Rxh2 13. Rxh2 Bxh2 {1-0 (69) Yu,Y (2762)-Fedoseev,V (2707) Danzhou 2018}) 6. e3 {D31: Queen's Gambit Declined: Semi-Slav without ...Nf6 (+ Marshall Gambit and Noteboom) and Exchange Variation lines without ...Nf6} Bd6 7. Nge2 Ne7 {LiveBook: 3 Games} 8. h4 {White is slightly better.} Bg4 9. f3 Be6 10. h5 Bxf4 11. Nxf4 Nf5 12. Bd3 Qe7 13. Kf2 h6 14. Qb3 O-O 15. Rae1 Nd7 {[#]} (15... a5 $1 $14) 16. Bxf5 $1 $16 ({Reject} 16. Qxb7 Qd6 $14) 16... Bxf5 17. Qxb7 Qd6 {[#] Strongly threatening ...Rfb8.} 18. Qb3 $1 Rab8 19. Qa3 Qxa3 20. bxa3 Nb6 21. g4 Bh7 22. Re2 Nc4 23. Na4 a5 24. Nc5 {Hoping for Nd7.} Rfe8 25. Rc1 Rb1 26. Rc3 Nb2 27. Rb3 Nd1+ 28. Kg3 Rc1 $2 (28... Rb8 $16 29. Rxb8+ Rxb8) 29. Re1 $18 a4 30. Rb6 f5 (30... Rc8 $142 31. Nfd3 Bxd3) 31. Ncd3 Ra1 32. Nf2 Rxa2 33. Rxd1 Rxa3 34. Rxc6 Rexe3 35. Rd3 Rexd3 36. N2xd3 fxg4 37. Rc8+ Kf7 38. Ne5+ Ke7 39. Rc7+ Ke8 {Accuracy: White = 90%, Black = 36%.} 1-0

[Event "17th Delhi GM Open 2019"]
[Site "Delhi"]
[Date "2019.01.12"]
[Round "5"]
[White "Narayanan.S.L"]
[Black "Dzhumaev, Marat"]
[Result "1-0"]
[WhiteElo "2575"]
[BlackElo "2437"]
[Annotator "TA"]
[PlyCount "69"]
[EventDate "2019.01.09"]
[EventType "swiss"]
[EventCountry "IND"]
[SourceTitle "playchess.com"]
[Source "ChessBase"]
[SourceQuality "1"]

{[%evp 22,69,36,39,45,42,57,59,40,36,59,46,98,64,75,84,104,116,125,122,165,152,147,152,218,204,222,215,316,321,429,426,438,426,453,456,728,728,728,721,721,714,706,706,705,695,688,688,1385,655]} 1. d4 Nf6 2. c4 g6 3. g3 Bg7 4. Bg2 O-O 5. Nc3 d6 6. Nf3 Nc6 7. O-O a6 8. Bf4 Bf5 {E63: King's Indian: Fianchetto: Panno Variation with 7...a6} 9. Rc1 Ne4 10. Nxe4 Bxe4 11. d5 Nb8 12. Qd2 {LiveBook: 13 Games} c6 13. Bh3 Bxf3 14. exf3 Nd7 15. Rfe1 {[#]} Re8 $146 ({Predecessor:} 15... Nf6 16. Be3 {½-½ (33) Esen,B (2538)-Kasimdzhanov,R (2685) Khanty-Mansiysk 2010}) 16. Be3 Nf6 ({Better is} 16... Qc7 $14) 17. f4 a5 18. b3 {[%cal Bb2b3,Bb3b4][%mdl 32]} a4 19. b4 a3 20. Qd3 Ra4 21. dxc6 bxc6 22. b5 cxb5 (22... c5 $16 23. Bg2 Qb6) 23. cxb5 $18 {Threatens to win with b6.} e6 24. b6 {[%cal Bb5b6,Bb6b7][%mdl 32] b7 is the strong threat.} Nd5 (24... Ra8 {was necessary.} 25. Rb1 Re7) 25. b7 Rb4 26. Rc8 {White is clearly winning.} Qe7 {[#]} 27. Qxd5 $3 {[%mdl 512]} exd5 28. Bd2 $1 {[%csl LRb4,LRe7,LRe8][%mdl 64] Discovered Attack} Qxb7 (28... Rxb7 $142 29. Rxe8+ Qf8) 29. Rexe8+ Bf8 30. Rxf8+ Kg7 31. Rg8+ Kf6 32. Bxb4 Qxb4 33. Bf1 d4 34. Rge8 Kg7 35. Rc4 {Accuracy: White = 84%, Black = 16%.} 1-0